Liquor Bottles By Picture Quiz Stats

 Plays Quiz Updated Jan 28, 2015

Challenge
Share
Tweet
Score 0/32 Timer 05:00
1 Play Today
Number Brand % Correct
Jack Daniel's
89.8%
Absolut
83%
Malibu
82.7%
Captain Morgan
80.4%
Baileys Irish Cream
79.3%
Bacardi
74%
Jagermeister
72.1%
Smirnoff
71.8%
Johnnie Walker
65.3%
Jose Cuervo
64.2%
Jim Beam
63.9%
Crown Royal
61.6%
Kahlua
60.3%
Bombay Sapphire
59.2%
Wild Turkey
57.7%
Patron
55.6%
Number Brand % Correct
Skyy
51.5%
Tanqueray
43.2%
Goldschlager
37.4%
Jameson
37.3%
Stolichnaya
36.5%
Svedka
36.4%
Hpnotiq
34.1%
Southern Comfort
30.4%
Grand Marnier
29.1%
Ketel One
27.8%
1800
23.2%
Hendricks
21.9%
Everclear
17.4%
Hennessy
15.6%
J&B
10.8%
Pimm's
9.8%

You're not logged in!

Compare scores with friends on all Sporcle quizzes.
Join for Free
OR
Log In

You Might Also Like...

Show Comments

Extras

Top Quizzes Today


Score Distribution

Your Account Isn't Verified!

In order to create a playlist on Sporcle, you need to verify the email address you used during registration. Go to your Sporcle Settings to finish the process.

Report this User

Report this user for behavior that violates our Community Guidelines.

Details: